[Event "Moscow Open A 2015"]
[Site "Moscow RUS"]
[Date "2015.01.31"]
[Round "1.119"]
[White "Kotenko, Pavel"]
[Black "Grishaev, Igor"]
[Result "1-0"]
[WhiteTitle "IM"]
[WhiteElo "2359"]
[BlackElo "1938"]
[WhiteFideId "4130219"]
[BlackFideId "4197925"]
[EventDate "2015.01.31"]

1. e4 b6 2. d4 Bb7 3. Bd3 e6 4. Nf3 Nf6 5. Qe2 d5 6. e5 Nfd7 7. Ng5 Nc6 8. c3 g6
9. h4 Qe7 10. h5 Bh6 11. f4 O-O-O 12. Be3 Na5 13. Nd2 Kb8 14. b4 Nc6 15. Ndf3
Rdg8 16. O-O-O a5 17. a3 Re8 18. g4 Rc8 19. f5 exf5 20. gxf5 gxf5 21. Bxf5 axb4
22. axb4 Rce8 23. Nxh7 Ba6 24. Qxa6 Bxe3+ 25. Kb2 Nxb4 26. Qb5 Reg8 27. Qxb4
Rg2+ 28. Kb1 Nc5 29. dxc5 Bxc5 30. Qb3 Ba3 31. Nd4 Qc5 32. Nf6 Kb7 33. Nc2 Qf2
34. Rhf1 1-0

[Event "Moscow Open A 2015"]
[Site "Moscow RUS"]
[Date "2015.01.31"]
[Round "1.120"]
[White "Mischeryakov, Alexey"]
[Black "Smirnov, Timofey"]
[Result "0-1"]
[WhiteElo "1911"]
[BlackElo "2358"]
[WhiteFideId "34156434"]
[BlackFideId "24176427"]
[EventDate "2015.01.31"]

1. e4 e5 2. Nf3 Nc6 3. Bc4 Bc5 4. b4 Bxb4 5. c3 Ba5 6. d4 exd4 7. O-O d6 8. cxd4
Bb6 9. Nc3 Bg4 10. Bb5 Bd7 11. e5 dxe5 12. d5 Nb8 13. Nxe5 Bxb5 14. Nxb5 Nf6 15.
Ba3 Qxd5 16. Qa4 Nbd7 17. Rfe1 O-O-O 18. Nc4 a6 19. Rec1 Kb8 20. Nc3 Qd4 21.
Nxb6 Nxb6 22. Qb3 Ng4 23. Qxf7 Rd7 24. Qf3 Ne5 25. Qg3 Rhd8 26. h3 Nd3 27. Ne2
Qe4 28. Rc2 Nf4 29. Nxf4 Qxc2 30. Kh2 Qc4 31. Rc1 Qxa2 32. Ne6 Qxe6 0-1

[Event "Moscow Open A 2015"]
[Site "Moscow RUS"]
[Date "2015.01.31"]
[Round "1.121"]
[White "Sanzhaev, Darsen"]
[Black "Kruk, Ivan"]
[Result "1-0"]
[WhiteTitle "FM"]
[WhiteElo "2357"]
[BlackElo "1887"]
[WhiteFideId "24120030"]
[BlackFideId "13903497"]
[EventDate "2015.01.31"]

1. d4 d5 2. c4 dxc4 3. Nf3 Nf6 4. e3 Bg4 5. Bxc4 e6 6. h3 Bh5 7. Qb3 Bxf3 8.
gxf3 Nbd7 9. Qxb7 c5 10. dxc5 Bxc5 11. f4 O-O 12. Nd2 e5 13. fxe5 Nxe5 14. O-O
Nxc4 15. Nxc4 Re8 16. Qg2 Ne4 17. Kh2 Qd5 18. b3 Re6 19. Bb2 Rg6 20. Qf3 Bd6+
21. Nxd6 Qxd6+ 22. Qf4 Qxf4+ 23. exf4 Nd2 24. Rfc1 Re8 25. Kh1 f5 26. Bd4 Rh6
27. Be3 Ne4 28. Kg2 Ree6 29. Rc8+ Kf7 30. Rc7+ Kf8 31. Rd1 Rhg6+ 32. Kf1 a6 33.
Rd8+ Re8 34. Rdd7 Ng3+ 35. Ke1 1-0

[Event "Moscow Open A 2015"]
[Site "Moscow RUS"]
[Date "2015.01.31"]
[Round "1.122"]
[White "Abelyan, Murad"]
[Black "Rodchenkov, Vitaly"]
[Result "0-1"]
[BlackTitle "FM"]
[WhiteElo "1712"]
[BlackElo "2356"]
[WhiteFideId "346489"]
[BlackFideId "4152964"]
[EventDate "2015.01.31"]

1. e4 d6 2. d4 Nf6 3. Nc3 e5 4. Nf3 Nbd7 5. Bc4 Be7 6. O-O O-O 7. Bg5 c6 8. a4
a5 9. Bb3 h6 10. Bh4 Nh5 11. Bxe7 Qxe7 12. Qd2 Re8 13. Rad1 Nf8 14. dxe5 dxe5
15. Qd6 Bg4 16. Qxe7 Rxe7 17. Rd6 Bxf3 18. gxf3 Rd7 19. Rxd7 Nxd7 20. Rd1 Nc5
21. Bc4 Kf8 22. Ne2 Ke7 23. b3 g6 24. Ng3 Nf4 25. Ne2 Nh5 26. Ng3 Ng7 27. Ne2
Ne8 28. f4 Nd6 29. Bd3 Rd8 30. f3 exf4 31. Nxf4 g5 32. Ne2 f5 33. exf5 Nxf5 34.
Ng3 Nh4 35. Re1+ Kd6 36. Ne4+ Nxe4 37. Bxe4 Kc5 38. Kf2 Kb4 39. Re3 Rd2+ 40. Re2
Rd1 41. Re1 Rd6 42. Re3 b5 43. axb5 cxb5 44. Rd3 Rxd3 45. Bxd3 a4 46. bxa4 bxa4
47. Bh7 a3 48. Bg8 Nf5 49. Kg2 Ne3+ 50. Kg3 Nc4 0-1

[Event "Moscow Open A 2015"]
[Site "Moscow RUS"]
[Date "2015.02.01"]
[Round "2.3"]
[White "Nikologorskiy, Konstantin"]
[Black "Korobov, Anton"]
[Result "0-1"]
[WhiteTitle "FM"]
[BlackTitle "GM"]
[WhiteElo "2414"]
[BlackElo "2687"]
[WhiteFideId "24111708"]
[BlackFideId "14105730"]
[EventDate "2015.01.31"]

1. c4 g6 2. Nc3 Bg7 3. d4 d6 4. e4 Nd7 5. Nf3 e5 6. Bg5 Ngf6 7. d5 h6 8. Be3 Nc5
9. Nd2 Ng4 10. Bxc5 dxc5 11. Be2 h5 12. h3 Nf6 13. b4 cxb4 14. Qa4+ Bd7 15. Qxb4
b6 16. O-O a5 17. Qb2 O-O 18. c5 bxc5 19. Qa3 Qe7 20. Rab1 Rfd8 21. Nc4 Ne8 22.
Rb7 Bf8 23. Rfb1 Qg5 24. Nb5 Bxb5 25. R7xb5 a4 26. Rb7 Bd6 27. Bd1 Nf6 28. Qf3
h4 29. Bc2 Nh5 30. a3 Kg7 31. Kf1 Rf8 32. Nxd6 cxd6 33. Rd7 Rad8 34. Bxa4 Rxd7
35. Bxd7 Rb8 36. Qd1 Rxb1 37. Qxb1 Qf4 38. Kg1 Nf6 39. Bc6 Nxe4 40. Qc2 c4 41.
Bb5 Nd2 42. a4 Qd4 43. Qd1 c3 44. a5 Nf3+ 0-1

[Event "Moscow Open A 2015"]
[Site "Moscow RUS"]
[Date "2015.02.01"]
[Round "2.4"]
[White "Nozdrachev, Leonid"]
[Black "Sjugirov, Sanan"]
[Result "1/2-1/2"]
[WhiteTitle "FM"]
[BlackTitle "GM"]
[WhiteElo "2413"]
[BlackElo "2678"]
[WhiteFideId "24113433"]
[BlackFideId "4189302"]
[EventDate "2015.01.31"]

1. e4 c5 2. c3 Nf6 3. e5 Nd5 4. d4 cxd4 5. Nf3 e6 6. cxd4 d6 7. Bc4 Be7 8. O-O
O-O 9. Qe2 Nc6 10. Re1 Na5 11. Bxd5 exd5 12. Nc3 Be6 13. exd6 Bxd6 14. Ng5 Bf5
15. Qf3 Bg6 16. h4 h6 17. h5 Bc2 18. Re2 Bb3 19. Nh3 Bc4 20. Re1 Nc6 21. b3 Ba6
22. Nxd5 Qa5 23. Bxh6 gxh6 24. Re4 f5 25. Re6 Nxd4 26. Rg6+ Kf7 27. Rf6+ Kg7 28.
Rg6+ Kf7 29. Rf6+ Kg7 30. Rg6+ Kf7 31. Rf6+ Kg7 32. Rg6+ Kf7 33. Rf6+ Kg7 34.
Rg6+ Kf7 35. Rf6+ Kg7 36. Rg6+ Kf7 37. Rf6+ Kg7 38. Rg6+ 1/2-1/2

[Event "Moscow Open A 2015"]
[Site "Moscow RUS"]
[Date "2015.02.01"]
[Round "2.5"]
[White "Inarkiev, Ernesto"]
[Black "Simonian, Tigran"]
[Result "1-0"]
[WhiteTitle "GM"]
[BlackTitle "IM"]
[WhiteElo "2675"]
[BlackElo "2412"]
[WhiteFideId "4162722"]
[BlackFideId "13303597"]
[EventDate "2015.01.31"]

1. e4 c5 2. Nf3 e6 3. d4 cxd4 4. Nxd4 Nc6 5. Nc3 Qc7 6. Be3 a6 7. Qd2 Nf6 8.
O-O-O Bb4 9. f3 Ne7 10. Nde2 b5 11. Kb1 Ba5 12. Bf4 e5 13. Bg5 Qc6 14. Qd3 h6
15. Bh4 g5 16. Be1 Qc7 17. h4 Rg8 18. hxg5 hxg5 19. Qd6 b4 20. Qxf6 bxc3 21. Rh7
Rf8 22. Bxc3 Bxc3 23. Nxc3 Rb8 24. Nd5 Nxd5 25. Rxd5 Rh8 1-0

[Event "Moscow Open A 2015"]
[Site "Moscow RUS"]
[Date "2015.02.01"]
[Round "2.6"]
[White "Grachev, Boris"]
[Black "Korchmar, Vasiliy"]
[Result "1-0"]
[WhiteTitle "GM"]
[BlackTitle "FM"]
[WhiteElo "2670"]
[BlackElo "2405"]
[WhiteFideId "4129199"]
[BlackFideId "24131750"]
[EventDate "2015.01.31"]

1. d4 d5 2. c4 c6 3. Nf3 Nf6 4. e3 a6 5. Nbd2 e6 6. Bd3 c5 7. b3 Nc6 8. Bb2 dxc4
9. bxc4 Be7 10. O-O O-O 11. Qe2 b6 12. Rfd1 Qc7 13. Ne4 cxd4 14. exd4 Nh5 15. g3
f5 16. Neg5 Kh8 17. d5 exd5 18. cxd5 Nb4 19. Rac1 Qd8 20. Nf7+ Rxf7 21. Ne5 Rf8
22. Qxh5 Nxd3 23. Rxd3 Kg8 24. d6 Bf6 25. Nc6 Qd7 26. Bxf6 Rxf6 27. Ne7+ Kh8 28.
Rc7 Qd8 29. Nxc8 1-0

[Event "Moscow Open A 2015"]
[Site "Moscow RUS"]
[Date "2015.02.01"]
[Round "2.7"]
[White "Demin, Alexandr"]
[Black "Fedoseev, Vladimir3"]
[Result "0-1"]
[WhiteTitle "IM"]
[BlackTitle "GM"]
[WhiteElo "2410"]
[BlackElo "2668"]
[WhiteFideId "4152921"]
[BlackFideId "24130737"]
[EventDate "2015.01.31"]

1. d4 g6 2. Nf3 Bg7 3. c4 Nf6 4. Nc3 d5 5. cxd5 Nxd5 6. e4 Nxc3 7. bxc3 c5 8.
Be3 Qa5 9. Qd2 O-O 10. Rc1 e6 11. Bd3 b6 12. Bh6 Nc6 13. Bxg7 Kxg7 14. h4 h5 15.
e5 Ba6 16. Be4 Rac8 17. Qg5 Qxa2 18. Qf6+ Kg8 19. Rc2 Qb1+ 20. Kd2 Qxh1 21. Bxg6
Na5 22. Ra2 Nb3+ 23. Kc2 Bc4 24. Qg5 Qc1+ 0-1

[Event "Moscow Open A 2015"]
[Site "Moscow RUS"]
[Date "2015.02.01"]
[Round "2.8"]
[White "Petrosian, Tigran L."]
[Black "Tillyaev, Ulugbek"]
[Result "1-0"]
[WhiteTitle "GM"]
[BlackTitle "FM"]
[WhiteElo "2663"]
[BlackElo "2404"]
[WhiteFideId "13301616"]
[BlackFideId "14202441"]
[EventDate "2015.01.31"]

1. Nf3 c5 2. g3 Nc6 3. c4 g6 4. Bg2 Bg7 5. Nc3 d6 6. O-O e6 7. e3 Nge7 8. d4 O-O
9. Re1 h6 10. a3 Rb8 11. Rb1 a6 12. Bf1 cxd4 13. exd4 d5 14. Bf4 Ra8 15. c5 b6
16. cxb6 Qxb6 17. Bd6 Re8 18. Na4 Qd8 19. Bc5 Rb8 20. b4 Nf5 21. Rc1 Nd6 22.
Bxd6 Qxd6 23. Nc5 Rb6 24. Qd2 g5 25. Qc3 Ne7 26. h4 Nf5 27. hxg5 hxg5 28. Ne5 f6
29. Ng4 e5 30. dxe5 fxe5 31. Rcd1 Nd4 32. Qxd4 exd4 33. Rxe8+ Kf7 34. Rxc8 a5
35. bxa5 Rc6 36. Nb7 Qd7 37. Nd8+ Kf8 38. Ne6+ Ke7 39. Rxc6 Qxc6 40. Nxg7 Qg6
41. Re1+ Kd8 42. Re8+ Kc7 43. Re7+ Kd8 44. Rd7+ Kc8 45. a6 d3 46. a7 d2 47. Ne5 1-0

[Event "Moscow Open A 2015"]
[Site "Moscow RUS"]
[Date "2015.02.01"]
[Round "2.9"]
[White "Kezin, Roman"]
[Black "Artemiev, Vladislav"]
[Result "1/2-1/2"]
[WhiteTitle "FM"]
[BlackTitle "GM"]
[WhiteElo "2408"]
[BlackElo "2659"]
[WhiteFideId "24124621"]
[BlackFideId "24101605"]
[EventDate "2015.01.31"]

1. d4 Nf6 2. c4 g6 3. Nc3 d5 4. Nf3 Bg7 5. Bg5 Ne4 6. Bh4 Nxc3 7. bxc3 dxc4 8.
Qa4+ c6 9. Qxc4 Qa5 10. e3 Be6 11. Qb4 Qxb4 12. cxb4 Nd7 13. Be2 Bd5 14. O-O e5
15. a3 exd4 16. Nxd4 O-O 17. Rfd1 Rfe8 18. Rac1 a6 19. b5 axb5 20. Nxb5 Be5 21.
Bg3 Bxg3 22. hxg3 Re5 23. Nc7 Rxa3 24. Nxd5 Rxd5 25. Rxd5 cxd5 26. Bf3 Nf6 27.
Rb1 Ra7 28. g4 h6 29. Rb6 Kg7 30. Kh2 g5 31. Kg3 Ra4 32. Rxb7 d4 33. exd4 Rxd4
34. Rb5 Rd3 35. Kh2 Rd2 36. Kg3 Nh7 37. Be4 Nf6 38. Bf3 Rc2 39. Re5 Nd7 40. Ra5
Rc3 41. Kh2 Rc7 42. Be4 1/2-1/2

[Event "Moscow Open A 2015"]
[Site "Moscow RUS"]
[Date "2015.02.01"]
[Round "2.10"]
[White "Schroeder, Jan-Christian"]
[Black "Mamedov, Rauf"]
[Result "1/2-1/2"]
[WhiteTitle "FM"]
[BlackTitle "GM"]
[WhiteElo "2405"]
[BlackElo "2642"]
[WhiteFideId "24662259"]
[BlackFideId "13401653"]
[EventDate "2015.01.31"]

1. d4 Nf6 2. Nf3 g6 3. Bg5 Bg7 4. Nbd2 O-O 5. c3 d6 6. e4 c5 7. d5 h6 8. Bh4 e6
9. dxe6 Bxe6 10. Bc4 Re8 11. O-O Nc6 12. Re1 Qc7 13. Qc2 a6 14. a4 Rab8 15. Bxe6
Rxe6 16. Nc4 Rbe8 17. Bxf6 Bxf6 18. a5 Qe7 19. Qd2 Bg7 20. h3 Bf8 21. Re3 Qd8
22. Qd3 Ne7 23. Rd1 Nc6 24. e5 dxe5 25. Qxd8 Rxd8 26. Rxd8 Nxd8 27. Nfxe5 Be7
28. Rd3 Kf8 29. f4 Ke8 30. Kf2 Nc6 31. Nxc6 Rxc6 32. Kf3 Re6 33. Rd1 h5 34. g4
hxg4+ 35. hxg4 Rf6 36. Re1 Kf8 37. Re5 Rc6 38. Rd5 Ke8 39. Ne5 Re6 40. g5 b5 41.
axb6 Rxb6 42. Nc4 Re6 43. Re5 Kd7 44. f5 gxf5 45. Rxf5 Re1 46. Kf2 Re4 47. Nd2
Ke6 48. Rxf7 Rg4 49. Nf3 1/2-1/2

[Event "Moscow Open A 2015"]
[Site "Moscow RUS"]
[Date "2015.02.01"]
[Round "2.11"]
[White "Khairullin, Ildar"]
[Black "Sadykov, Ramil"]
[Result "1/2-1/2"]
[WhiteTitle "GM"]
[BlackTitle "FM"]
[WhiteElo "2629"]
[BlackElo "2403"]
[WhiteFideId "4151348"]
[BlackFideId "24113590"]
[EventDate "2015.01.31"]

1. d4 d5 2. c4 c6 3. Nf3 Nf6 4. e3 e6 5. Bd3 c5 6. O-O Nc6 7. cxd5 Nxd5 8. a3
cxd4 9. exd4 Be7 10. Nc3 O-O 11. Re1 Nxc3 12. bxc3 Bf6 13. Be4 Bd7 14. Qd3 g6
15. Bh6 Re8 16. h4 Bxh4 17. Nxh4 Qxh4 18. Qe3 f6 19. g3 Qh3 20. Bg2 Qf5 21. Be4
Qh3 22. Bg2 Qf5 23. Be4 1/2-1/2

[Event "Moscow Open A 2015"]
[Site "Moscow RUS"]
[Date "2015.02.01"]
[Round "2.12"]
[White "Ali, Muhammad Lutfi"]
[Black "Bukavshin, Ivan"]
[Result "1-0"]
[WhiteTitle "FM"]
[BlackTitle "GM"]
[WhiteElo "2404"]
[BlackElo "2622"]
[WhiteFideId "7103743"]
[BlackFideId "4199758"]
[EventDate "2015.01.31"]

1. e4 c5 2. Nf3 e6 3. d4 cxd4 4. Nxd4 a6 5. Bd3 Nf6 6. O-O Qc7 7. Qe2 Bd6 8. h3
Nc6 9. Nxc6 dxc6 10. Nd2 b5 11. a4 Bb7 12. Re1 Nd7 13. Nb3 O-O 14. Be3 Rfc8 15.
axb5 cxb5 16. Na5 Bb4 17. Bd2 Bxd2 18. Qxd2 Rd8 19. Ra3 Nc5 20. Qb4 Rac8 21. Rc3
Ba8 22. Nb3 Nxd3 23. cxd3 Qb6 24. Rec1 Rb8 25. Ra1 h6 26. Nc5 Bb7 27. Qa5 Bc8
28. Qxb6 Rxb6 29. Kf1 e5 30. Ke2 Rg6 31. g4 h5 32. f3 hxg4 33. hxg4 Rh6 34. b4
Kh7 35. Nb3 Rh2+ 36. Ke3 Rb2 37. d4 g5 38. Rac1 Kg7 39. R1c2 Rb1 40. Rc1 Rb2 41.
R1c2 Rb1 42. Rc1 Rb2 43. R1c2 Rb1 44. dxe5 Be6 45. Nd4 Rxd4 46. Kxd4 Rxb4+ 47.
Kc5 Rb1 48. Ra3 b4 49. Rxa6 b3 50. Rf2 Rc1+ 51. Kb4 Rc4+ 52. Ka3 Rc3 53. Rb6 Re3
54. Rc6 Rd3 55. Rb6 Re3 56. Rb8 Rc3 57. Rd2 Rc5 58. Rdd8 Rxe5 59. Kb4 Kf6 60.
Rb6 Kg7 61. Rdb8 Kf6 62. Rb5 b2 63. Kc3 b1=Q 64. Rxb1 Ra5 65. Kd4 Ra3 66. e5+
Kg7 67. Ke4 Bc4 68. Rc1 Ra4 69. Kf5 Bd5 70. Kxg5 Bxf3 71. Rcc8 Rxg4+ 72. Kf5 1-0

[Event "Moscow Open A 2015"]
[Site "Moscow RUS"]
[Date "2015.02.01"]
[Round "2.13"]
[White "Lugovskoy, Maxim"]
[Black "Volkov, Sergey"]
[Result "0-1"]
[WhiteTitle "IM"]
[BlackTitle "GM"]
[WhiteElo "2401"]
[BlackElo "2618"]
[WhiteFideId "24126454"]
[BlackFideId "4122763"]
[EventDate "2015.01.31"]

1. d4 d5 2. c4 c6 3. Nc3 Nf6 4. Nf3 a6 5. Qc2 dxc4 6. e4 b5 7. b3 cxb3 8. axb3
e6 9. Bd3 h6 10. O-O Be7 11. Bd2 Bb7 12. Rfc1 b4 13. Na4 Nbd7 14. Be3 O-O 15.
Qe2 Re8 16. Nc5 Nxc5 17. dxc5 Bf8 18. Ne5 a5 19. Qf3 Qe7 20. Bf1 Nd7 21. Nc4
Nxc5 22. Bf4 e5 23. Bxe5 Qe6 24. Bd4 Nxe4 25. Nxa5 Rxa5 26. Rxa5 c5 27. Ra7 Bd5
28. Be3 Nd2 29. Qf4 Nxf1 30. Kxf1 Bxb3 31. Qc7 c4 32. Qa5 c3 33. Rb7 Qe4 34. Rd7
Ra8 35. Qb6 Bd5 36. f3 Qc4+ 37. Kg1 Be6 38. Rc7 Qd3 39. Qd4 Qxd4 40. Bxd4 Bd6
41. Rc6 Bf4 42. Rb1 Bd2 43. Kf2 Ra2 44. Rxb4 c2 45. Rb8+ Kh7 46. Bb2 Bf4 0-1

[Event "Moscow Open A 2015"]
[Site "Moscow RUS"]
[Date "2015.02.01"]
[Round "2.14"]
[White "Mu, Ke"]
[Black "Demchenko, Anton"]
[Result "0-1"]
[BlackTitle "GM"]
[WhiteElo "2401"]
[BlackElo "2611"]
[WhiteFideId "8602778"]
[BlackFideId "4160258"]
[EventDate "2015.01.31"]

1. d4 Nf6 2. c4 e6 3. Nc3 Bb4 4. e3 O-O 5. Ne2 c6 6. a3 Ba5 7. b4 Bc7 8. d5 d6
9. Bb2 a5 10. g3 axb4 11. axb4 Rxa1 12. Bxa1 exd5 13. cxd5 Na6 14. Qb1 Nxd5 15.
Nxd5 cxd5 16. Bg2 Nxb4 17. O-O Ba5 18. Nf4 b6 19. h4 Bg4 20. Qb2 f6 21. Qd4 Qc8
22. Bc3 Qc5 23. Nxd5 Qxd4 24. exd4 Nc2 25. Bxa5 bxa5 26. Ne7+ Kf7 27. Nc6 Re8
28. Rc1 Bf5 29. Bd5+ Kg6 30. g4 Bd3 31. Rd1 Be2 32. Rc1 Bd3 33. Rd1 Be2 34. Rc1
Nb4 35. Nxb4 axb4 36. Re1 Bb5 37. Rb1 Bd7 38. f3 Rb8 39. Kf2 f5 40. Kg3 h6 41.
Bb3 Kf6 42. Ra1 fxg4 43. Ra7 Be6 44. d5 Bg8 45. Rd7 Ke5 0-1

[Event "Moscow Open A 2015"]
[Site "Moscow RUS"]
[Date "2015.02.01"]
[Round "2.15"]
[White "Fier, Alexandr"]
[Black "Svetlov, Dmitry"]
[Result "1-0"]
[WhiteTitle "GM"]
[BlackTitle "FM"]
[WhiteElo "2604"]
[BlackElo "2396"]
[WhiteFideId "2107139"]
[BlackFideId "24102610"]
[EventDate "2015.01.31"]

1. d4 d5 2. c4 c6 3. Nc3 Nf6 4. e3 e6 5. Nf3 Nbd7 6. Bd3 dxc4 7. Bxc4 b5 8. Bd3
Bd6 9. O-O O-O 10. Bd2 a6 11. Ne4 Nxe4 12. Bxe4 Bb7 13. b4 Qe7 14. Qb1 f5 15.
Bc2 c5 16. bxc5 Bxf3 17. cxd6 Qh4 18. Bd1 Be4 19. Qb2 Bd3 20. Bf3 Be4 21. Bxe4
fxe4 22. a4 Rf5 23. axb5 Raf8 24. Qa2 R8f6 25. f4 exf3 26. Be1 Qe4 27. bxa6
Qxe3+ 28. Bf2 Qg5 29. g3 Qg4 30. a7 Ra5 31. Qxa5 Qh3 32. a8=Q+ Nf8 33. Qxf3 Rxf3
34. Qa8 1-0

[Event "Moscow Open A 2015"]
[Site "Moscow RUS"]
[Date "2015.02.01"]
[Round "2.16"]
[White "Tsydypov, Zhamsaran"]
[Black "Savchenko, Boris"]
[Result "1/2-1/2"]
[WhiteTitle "FM"]
[BlackTitle "GM"]
[WhiteElo "2398"]
[BlackElo "2599"]
[WhiteFideId "4108566"]
[BlackFideId "4147332"]
[EventDate "2015.01.31"]

1. d4 e6 2. Nf3 b6 3. e4 Ne7 4. Bd3 d6 5. c4 g6 6. Nc3 Nd7 7. Be3 Bg7 8. Qd2 h6
9. Bc2 Ba6 10. Bb3 Kf8 11. O-O-O Kg8 12. Kb1 Rb8 13. g4 Nc6 14. d5 Na5 15. Nd4
Nc5 16. dxe6 fxe6 17. Qc2 Qd7 18. Ndb5 e5 19. Nd5 1/2-1/2

[Event "Moscow Open A 2015"]
[Site "Moscow RUS"]
[Date "2015.02.01"]
[Round "2.17"]
[White "Sharafiev, Azat"]
[Black "Kunin, Vitaly"]
[Result "1-0"]
[WhiteTitle "IM"]
[BlackTitle "GM"]
[WhiteElo "2395"]
[BlackElo "2589"]
[WhiteFideId "4186214"]
[BlackFideId "4128737"]
[EventDate "2015.01.31"]

1. d4 Nf6 2. c4 e6 3. Nf3 b6 4. g3 Ba6 5. Qb3 Nc6 6. Nbd2 Na5 7. Qa4 c5 8. dxc5
bxc5 9. Bg2 Bb7 10. O-O Be7 11. Ne5 Bxg2 12. Kxg2 O-O 13. Ndf3 Qc7 14. Bg5 Rfe8
15. Bxf6 gxf6 16. Nd3 f5 17. Rad1 Nc6 18. Nf4 Rab8 19. b3 a5 20. Nh5 f6 21. Qa3
Ne5 22. Qc1 Rf8 23. Qd2 Rb7 24. Nxe5 fxe5 25. f3 Qd8 26. e4 Qe8 27. g4 fxg4 28.
fxg4 Rxf1 29. Rxf1 Qg6 30. Qxa5 Qxe4+ 31. Kh3 Qe3+ 32. Ng3 Rb8 33. Qc7 Rd8 34.
Rd1 Kf7 35. Rxd7 Rxd7 36. Qxd7 Qf2 37. Qd3 1-0

[Event "Moscow Open A 2015"]
[Site "Moscow RUS"]
[Date "2015.02.01"]
[Round "2.18"]
[White "Ozolin, Maxim"]
[Black "Timofeev, Artyom"]
[Result "0-1"]
[WhiteTitle "IM"]
[BlackTitle "GM"]
[WhiteElo "2394"]
[BlackElo "2568"]
[WhiteFideId "4133340"]
[BlackFideId "4140419"]
[EventDate "2015.01.31"]

1. e4 c5 2. Nf3 d6 3. d4 cxd4 4. Nxd4 Nf6 5. Nc3 g6 6. Be3 Bg7 7. f3 O-O 8. Qd2
Nc6 9. O-O-O d5 10. exd5 Nxd5 11. Nxc6 bxc6 12. Bd4 Bxd4 13. Qxd4 Qb6 14. Na4
Qa5 15. b3 Be6 16. Qe5 Qb4 17. g3 Rfd8 18. Bc4 Rd6 19. Kb2 Nb6 20. Nxb6 axb6 21.
Bxe6 Rxe6 22. Qd4 Qa3+ 23. Kc3 c5 24. Qf4 Qa5+ 25. Kb2 Qxa2+ 26. Kc3 b5 27. Rd5
c4 28. bxc4 b4+ 29. Kd2 b3 0-1

[Event "Moscow Open A 2015"]
[Site "Moscow RUS"]
[Date "2015.02.01"]
[Round "2.19"]
[White "Grigoriants, Sergey"]
[Black "Gevorgyan, David"]
[Result "1-0"]
[WhiteTitle "GM"]
[WhiteElo "2567"]
[BlackElo "2395"]
[WhiteFideId "4130804"]
[BlackFideId "13303244"]
[EventDate "2015.01.31"]

1. c4 e5 2. Nc3 d6 3. g3 Nc6 4. Nf3 Bg4 5. Bg2 g6 6. h3 Bd7 7. d4 exd4 8. Nxd4
Bg7 9. Be3 Nge7 10. Nd5 O-O 11. Bg5 f6 12. Be3 Nxd4 13. Bxd4 Nf5 14. Bc3 c6 15.
Nf4 Qe7 16. O-O Rfd8 17. Qd2 Be8 18. Rfe1 Bf7 19. b3 Kh8 20. Rad1 Bg8 21. Ba5
Rd7 22. h4 Nh6 23. Bh3 f5 24. e4 Qf8 25. e5 dxe5 26. Nxg6+ hxg6 27. Qxd7 f4 28.
Qd6 Qf7 29. Qc7 Qf8 30. Bc3 fxg3 31. fxg3 Re8 32. Qd6 Qf3 33. Qd3 Qf7 34. Rf1
Qe7 35. Qxg6 Qc5+ 36. Kh2 Rf8 37. Rxf8 Qxf8 38. Rf1 Qc5 1-0

[Event "Moscow Open A 2015"]
[Site "Moscow RUS"]
[Date "2015.02.01"]
[Round "2.20"]
[White "Khanin, Semen"]
[Black "Ibragimov, Ildar"]
[Result "1/2-1/2"]
[BlackTitle "GM"]
[WhiteElo "2387"]
[BlackElo "2548"]
[WhiteFideId "4111990"]
[BlackFideId "4102878"]
[EventDate "2015.01.31"]

1. e4 e6 2. d4 d5 3. Nc3 Nf6 4. e5 Nfd7 5. f4 c5 6. Nf3 Nc6 7. Be3 Be7 8. Qd2
O-O 9. Be2 b6 10. O-O f6 11. exf6 Nxf6 12. Bb5 Bb7 13. Rae1 Qc8 14. Bf2 Nd8 15.
Bd3 c4 16. Be2 Bb4 17. Bh4 Ne4 18. Qe3 Nf7 19. Nd2 Bxc3 20. bxc3 Nfd6 21. g4
Nxd2 22. Qxd2 Ne4 23. Qe3 Qd7 24. Bf3 Rf7 25. Re2 Raf8 26. Bxe4 dxe4 27. Ref2
Qd5 28. Bg3 Qa5 29. h3 Qd5 30. Kh2 h6 31. Kg1 Kh7 32. Kh2 Kg8 1/2-1/2

[Event "Moscow Open A 2015"]
[Site "Moscow RUS"]
[Date "2015.02.01"]
[Round "2.21"]
[White "Pridorozhni, Aleksei"]
[Black "Kozionov, Kirill"]
[Result "1/2-1/2"]
[WhiteTitle "GM"]
[BlackTitle "IM"]
[WhiteElo "2545"]
[BlackElo "2391"]
[WhiteFideId "4127870"]
[BlackFideId "24101729"]
[EventDate "2015.01.31"]

1. e4 e5 2. Nf3 Nc6 3. Bb5 Nf6 4. O-O Nxe4 5. d4 Nd6 6. Bxc6 dxc6 7. dxe5 Nf5 8.
Qxd8+ Kxd8 9. Rd1+ Ke8 10. b3 Ne7 11. Bb2 Bg4 12. Nbd2 Nd5 13. h3 Bh5 14. Kh2 a5
15. Ne4 Bg6 16. Re1 Bb4 17. Re2 Nf4 18. Re3 Nd5 19. Re2 Nf4 20. Re3 1/2-1/2

[Event "Moscow Open A 2015"]
[Site "Moscow RUS"]
[Date "2015.02.01"]
[Round "2.22"]
[White "Triapishko, Olexandr"]
[Black "Xiu, Deshun"]
[Result "0-1"]
[BlackTitle "GM"]
[WhiteElo "2379"]
[BlackElo "2543"]
[WhiteFideId "14122286"]
[BlackFideId "8603693"]
[EventDate "2015.01.31"]

1. e4 c5 2. Nf3 d6 3. d4 cxd4 4. Nxd4 Nf6 5. Nc3 a6 6. Be3 e5 7. Nb3 Be7 8. h3
Be6 9. f4 Qc7 10. f5 Bc4 11. Bxc4 Qxc4 12. Qf3 Nbd7 13. O-O-O b5 14. a3 Rc8 15.
Rd3 O-O 16. Rhd1 Qc7 17. Qe2 a5 18. Nxb5 Qc4 19. Nc3 Nxe4 20. Nxe4 Qxe4 21. Qg4
Qc6 22. Rc3 Qa6 23. Rxc8 Rxc8 24. Bh6 Bf8 25. Bg5 a4 26. Nd2 f6 27. Bh4 d5 28.
Ne4 Qc6 29. Nc3 Bxa3 30. Rd3 e4 31. Rg3 Bf8 32. Qd1 a3 33. Kb1 Nb6 34. Qd4 Kf7
35. b4 Qd6 36. Ka2 Rc4 37. Qd1 Qxb4 38. Qa1 Na4 0-1

[Event "Moscow Open A 2015"]
[Site "Moscow RUS"]
[Date "2015.02.01"]
[Round "2.23"]
[White "Vdovin, Vadim"]
[Black "Eliseev, Urii"]
[Result "1/2-1/2"]
[WhiteTitle "FM"]
[BlackTitle "GM"]
[WhiteElo "2377"]
[BlackElo "2518"]
[WhiteFideId "24107158"]
[BlackFideId "24131920"]
[EventDate "2015.01.31"]

1. e4 c5 2. Nf3 d6 3. d4 cxd4 4. Nxd4 Nf6 5. Nc3 Nc6 6. Be3 Ng4 7. Bb5 Nxe3 8.
fxe3 Bd7 9. O-O Rc8 10. Bxc6 bxc6 11. e5 Qa5 12. exd6 exd6 13. Qf3 f6 14. Rad1
Be7 15. Nf5 Qxf5 16. Qxf5 Bxf5 17. Rxf5 Kd7 18. Ra5 Ra8 19. Ne4 Rhb8 20. b3 Kc7
21. c4 g6 22. g4 Rb4 23. Nc3 Kb6 24. Ra4 Rxa4 25. Nxa4+ Ka5 26. Rd4 Rd8 27. Kf2 1/2-1/2